Príčiny vzniku zadlženosti krajín Európskej únie bakalárska práca

Gespeichert in:
Bibliographische Detailangaben
1. Verfasser: Jakubjaková, Lýdia
Körperschaften: Národohospodárska fakulta EU. Katedra ekonómie, Univerzita Komenského v Bratislave. Právnická fakulta
Weitere Verfasser: Darmo, Ľubomír, 1984-
Format: Buch
Sprache:Slowakisch
Veröffentlicht: Bratislava 2022
Tags: Tag hinzufügen
Keine Tags, Fügen Sie das erste Tag hinzu!

MARC

LEADER 00000nbm a2200000 4500
001 0287406
005 20230303105443.2
041 0 |a slo 
044 |a SK 
245 1 0 |a Príčiny vzniku zadlženosti krajín Európskej únie  |b bakalárska práca  |c Lýdia Jakubjaková ; školiteľ: Ľubomír Darmo 
264 1 |a Bratislava  |c 2022 
300 |a 56 s. 
100 1 |a Jakubjaková, Lýdia 
700 1 |a Darmo, Ľubomír, 1984- 
710 2 |a Národohospodárska fakulta EU. Katedra ekonómie 
710 2 |a Univerzita Komenského v Bratislave. Právnická fakulta